Coalition politics and democratic consolidation in Asia / (Record no. 72939)

MARC details
000 -LEADER
fixed length control field 00825nam a22002537a 4500
005 - DATE AND TIME OF LATEST TRANSACTION
control field 20130114152742.0
008 - FIXED-LENGTH DATA ELEMENTS--GENERAL INFORMATION
fixed length control field 130114t xxu||||| |||| 00| 0 eng d
010 ## - LCCN (DPL NO)
LC control number ENG-106561
020 ## - INTERNATIONAL STANDARD BOOK NUMBER
Terms of availability 750.00
International Standard Book Number 0198079397
020 ## - INTERNATIONAL STANDARD BOOK NUMBER
Terms of availability 750.00
International Standard Book Number 9780198079392
035 ## - SYSTEM CONTROL NUMBER
System control number EN-90094
037 ## - SOURCE OF ACQUISITION
Source of stock number/acquisition DBAD / PUB
040 ## - CATALOGING SOURCE
Original cataloging agency DPL
Language of cataloging ENG
100 ## - MAIN ENTRY--PERSONAL NAME
9 (RLIN) 54743
245 ## - TITLE STATEMENT
Title Coalition politics and democratic consolidation in Asia /
Statement of responsibility, etc edited by E. Sridharan
260 ## - PUBLICATION, DISTRIBUTION, ETC. (IMPRINT)
Place of publication, distribution, etc New Delhi
Name of publisher, distributor, etc Oxford University Press
Date of publication, distribution, etc 2012
270 ## - ADDRESS
Address YMCA Library Building, Jai Singh Road,
City New Delhi
Postal code 110001
300 ## - PHYSICAL DESCRIPTION
Extent xiii, 284p.
Dimensions 22cm (Hb)
700 ## - ADDED ENTRY--PERSONAL NAME
9 (RLIN) 54740
700 ## - ADDED ENTRY--PERSONAL NAME
9 (RLIN) 54747
700 ## - ADDED ENTRY--PERSONAL NAME
9 (RLIN) 54748
942 ## - ADDED ENTRY ELEMENTS (KOHA)
Source of classification or shelving scheme Dewey Decimal Classification
Item type English Books
Call number suffix COA
Holdings
Withdrawn status Lost status Source of classification or shelving scheme Damaged status Not for loan Collection code Home library Current library Date acquired Source of acquisition Cost, normal purchase price Total Checkouts Full call number Barcode Date last seen Copy number Cost, replacement price Koha item type
    Dewey Decimal Classification     Non-fiction D.B.Act.Division D.B.Act.Division 14/01/2013 DBAD/PUB 750.00   COA EN-90094 14/01/2013 1 750.00 English Books

© Delhi Public Library
Hit Counter
free hit counter